INDUSTRIAL PSYCHOLOGY (Record no. 25149)

MARC details
000 -LEADER
fixed length control field 00368nam a2200145Ia 4500
008 - FIXED-LENGTH DATA ELEMENTS--GENERAL INFORMATION
fixed length control field 240624s9999 xx 000 0 und d
041 ## - LANGUAGE CODE
Language code of text/sound track or separate title eng
082 ## - DEWEY DECIMAL CLASSIFICATION NUMBER
Classification number 158.7 AAM
100 ## - MAIN ENTRY--PERSONAL NAME
Personal name AAMODT MICHAEL G
245 ## - TITLE STATEMENT
Title INDUSTRIAL PSYCHOLOGY
250 ## - EDITION STATEMENT
Edition statement (7th ed.)
260 ## - PUBLICATION, DISTRIBUTION, ETC.
Date of publication, distribution, etc. 2015
Place of publication, distribution, etc. New Delhi
Name of publisher, distributor, etc. Cengage Learning
300 ## - PHYSICAL DESCRIPTION
Extent xvii, : 678 : p. : cm. ; 26
365 ## - TRADE PRICE
Currency code RS
Price amount 31
Holdings
Withdrawn status Lost status Damaged status Not for loan Home library Current library Shelving location Date acquired Source of acquisition Cost, normal purchase price Full call number Barcode Date last seen Copy number Price effective from Koha item type
        IMTN IMTN Rack 1-B 10/08/2015 WBD 599.00 158.7 AAM 25149 06/24/2024 1 06/24/2024 Books
Designed & Maintained by: LRC IMT Nagpur Contact: lrc@imtnag.ac.in© 2024. All Rights Reserved.